[Event "DVM U12 2020"]
[Site "Magdeburg GER"]
[Date "2021.08.08"]
[Round "7"]
[White "Vogt, Gianluca"]
[Black "Dammasch, Marlon"]
[Result "1-0"]
[Termination "normal"]
[Board "7.3"]
[WhiteElo "1160"]
[BlackElo "860"]
[WhiteClock "01:16:48"]
[BlackClock "01:26:43"]
[WhiteTeam "SV Hellas Nauen e.V."]
[BlackTeam "SV Vimbuch"]
[PlyCount "95"]
[WhiteFideId "34608117"]
[BlackFideId "34608346"]
[EventCountry "GER"]
[EventRounds "7"]
[EventType "team-swiss"]
[EventDate "2021.08.04"]

1. e4 {[%clk 01:30:59]} {[%emt 00:05:46]} e5 {[%clk 01:30:51]} 2. Nf3 {[%clk
01:31:22]} Nc6 {[%clk 01:31:02]} 3. d4 {[%clk 01:31:30]} exd4 {[%clk 01:31:02]}
4. Nxd4 {[%clk 01:31:23]} {[%emt 00:00:09]} Bc5 {[%clk 01:31:04]} 5. Be3 {[%clk
01:31:24]} Bxd4 {[%clk 01:30:50]} 6. Bxd4 {[%clk 01:31:00]} Nxd4 {[%clk
01:30:44]} {[%emt 00:00:05]} 7. Qxd4 {[%clk 01:30:42]} Qf6 {[%clk 01:30:29]} 8.
e5 {[%clk 01:28:43]} {[%emt 00:06:43]} Qb6 {[%clk 01:29:37]} 9. Qc3 {[%clk
01:27:57]} f6 {[%clk 01:29:04]} 10. Bc4 {[%clk 01:27:07]} {[%emt 00:00:36]} d6
{[%clk 01:28:12]} {[%emt 00:17:33]} 11. e6 {[%clk 01:24:49]} Ne7 {[%clk
01:27:15]} 12. O-O {[%clk 01:20:10]} d5 {[%clk 01:27:08]} 13. Bb3 {[%clk
01:17:57]} Bxe6 {[%clk 01:27:22]} {[%emt 00:00:04]} 14. Re1 {[%clk 01:16:28]}
O-O-O {[%clk 01:26:26]} {[%emt 00:00:11]} 15. Qe3 {[%clk 01:13:46]} {[%emt
00:03:11]} Qxe3 {[%clk 01:26:14]} {[%emt 00:00:42]} 16. Rxe3 {[%clk 01:14:10]}
{[%emt 00:00:07]} Rd6 {[%clk 01:25:54]} {[%emt 00:00:50]} 17. Na3 {[%clk
01:12:47]} {[%emt 00:01:53]} Re8 {[%clk 01:25:49]} {[%emt 00:00:35]} 18. Nb5
{[%clk 01:12:55]} {[%emt 00:00:22]} Rb6 {[%clk 01:25:51]} {[%emt 00:00:28]} 19.
Ba4 {[%clk 01:12:40]} {[%emt 00:00:45]} Kb8 {[%clk 01:24:29]} {[%emt 00:07:42]}
20. Nd4 {[%clk 01:12:08]} Nc6 {[%clk 01:22:17]} 21. Bxc6 {[%clk 01:11:56]} bxc6
{[%clk 01:21:53]} 22. Rxe6 {[%clk 01:12:16]} Rxe6 {[%clk 01:22:08]} 23. Nxe6
{[%clk 01:12:40]} {[%emt 00:00:05]} Rxb2 {[%clk 01:22:31]} {[%emt 00:06:05]}
24. Nd4 {[%clk 01:12:59]} Kb7 {[%clk 01:22:46]} 25. Kf1 {[%clk 01:13:19]} Rb4
{[%clk 01:23:00]} 26. Nb3 {[%clk 01:13:23]} Kb6 {[%clk 01:22:32]} 27. Rb1
{[%clk 01:13:39]} c5 {[%clk 01:22:26]} {[%emt 00:02:15]} 28. c3 {[%clk
01:13:46]} Rc4 {[%clk 01:22:32]} 29. Nd2+ {[%clk 01:13:37]} Ka5 {[%clk
01:22:19]} 30. Nxc4+ {[%clk 01:13:56]} dxc4 {[%clk 01:22:46]} {[%emt 00:00:04]}
31. Ke1 {[%clk 01:14:02]} Ka4 {[%clk 01:22:52]} 32. Rb7 {[%clk 01:14:25]} a5
{[%clk 01:23:09]} 33. Ra7 {[%clk 01:14:39]} g5 {[%clk 01:23:06]} {[%emt
00:00:04]} 34. Rxc7 {[%clk 01:14:56]} Ka3 {[%clk 01:23:22]} 35. Rxc5 {[%clk
01:15:15]} a4 {[%clk 01:23:41]} 36. Rxc4 {[%clk 01:15:33]} {[%emt 00:00:04]} h5
{[%clk 01:23:46]} {[%emt 00:00:23]} 37. g3 {[%clk 01:15:20]} {[%emt 00:00:42]}
Kxa2 {[%clk 01:23:47]} {[%emt 00:00:29]} 38. Kd1 {[%clk 01:15:28]} {[%emt
00:00:23]} a3 {[%clk 01:24:09]} {[%emt 00:01:45]} 39. Rb4 {[%clk 01:14:59]} h4
{[%clk 01:24:27]} 40. g4 {[%clk 01:15:23]} h3 {[%clk 01:24:41]} 41. c4 {[%clk
01:15:49]} Ka1 {[%clk 01:24:58]} {[%emt 00:00:14]} 42. c5 {[%clk 01:16:08]}
{[%emt 00:00:09]} a2 {[%clk 01:25:19]} {[%emt 00:00:10]} 43. c6 {[%clk
01:16:33]} {[%emt 00:00:05]} f5 {[%clk 01:25:46]} {[%emt 00:00:06]} 44. c7
{[%clk 01:16:26]} {[%emt 00:00:33]} f4 {[%clk 01:26:09]} {[%emt 00:00:07]} 45.
Ra4 {[%clk 01:16:33]} {[%emt 00:00:23]} f3 {[%clk 01:26:23]} {[%emt 00:00:16]}
46. c8=Q {[%emt 00:00:13]} Kb1 {[%emt 00:00:18]} 47. Rb4+ {[%clk 01:16:23]}
{[%emt 00:00:09]} Ka1 {[%clk 01:26:43]} {[%emt 00:00:10]} 48. Qc1# {[%clk
01:16:48]} {[%emt 00:00:06]} 1-0

[Event "DVM U12 2020"]
[Site "Magdeburg GER"]
[Date "2021.08.08"]
[Round "7"]
[White "Puchas, Tobias"]
[Black "Börner, Eric"]
[Result "0-1"]
[Termination "normal"]
[Board "7.4"]
[WhiteElo "1011"]
[BlackElo "1005"]
[WhiteClock "01:22:52"]
[BlackClock "00:53:04"]
[WhiteTeam "SV Vimbuch"]
[BlackTeam "SV Hellas Nauen e.V."]
[PlyCount "104"]
[WhiteFideId "16280440"]
[BlackFideId "34608362"]
[EventCountry "GER"]
[EventRounds "7"]
[EventType "team-swiss"]
[EventDate "2021.08.04"]

1. e4 {[%clk 01:30:52]} {[%emt 00:00:32]} e5 {[%clk 01:30:56]} {[%emt
00:00:19]} 2. Nf3 {[%clk 01:31:10]} Nc6 {[%clk 01:31:18]} 3. d4 {[%clk
01:31:29]} exd4 {[%clk 01:31:37]} {[%emt 00:00:09]} 4. Bc4 {[%clk 01:31:46]}
{[%emt 00:00:09]} Nf6 {[%clk 01:31:37]} {[%emt 00:00:35]} 5. e5 {[%clk
01:31:52]} {[%emt 00:00:12]} d5 {[%clk 01:31:38]} {[%emt 00:00:40]} 6. Bb5
{[%clk 01:32:03]} {[%emt 00:00:09]} Ne4 {[%clk 01:29:47]} {[%emt 00:02:24]} 7.
Nxd4 {[%clk 01:31:45]} {[%emt 00:00:38]} Bd7 {[%clk 01:29:28]} {[%emt
00:01:03]} 8. Bxc6 {[%clk 01:31:06]} {[%emt 00:00:56]} bxc6 {[%clk 01:28:42]}
{[%emt 00:01:27]} 9. O-O {[%clk 01:31:05]} {[%emt 00:00:31]} Bc5 {[%clk
01:26:54]} {[%emt 00:02:19]} 10. Be3 {[%clk 01:31:02]} {[%emt 00:00:38]} Bb6
{[%clk 01:26:10]} {[%emt 00:01:06]} 11. f3 {[%clk 01:29:24]} {[%emt 00:02:04]}
Ng5 {[%clk 01:25:21]} {[%emt 00:01:23]} 12. f4 {[%clk 01:29:40]} {[%emt
00:00:39]} Ne4 {[%clk 01:25:35]} {[%emt 00:01:48]} 13. Nd2 {[%clk 01:29:20]}
Nxd2 {[%clk 01:25:09]} 14. Qxd2 {[%clk 01:29:36]} c5 {[%clk 01:24:55]} {[%emt
00:00:50]} 15. Nf3 {[%clk 01:27:52]} {[%emt 00:02:07]} d4 {[%clk 01:24:32]}
{[%emt 00:02:18]} 16. Bf2 {[%clk 01:28:02]} Bc6 {[%clk 01:24:36]} 17. b4 {[%clk
01:27:56]} c4 {[%clk 01:23:39]} {[%emt 00:01:54]} 18. Nxd4 {[%clk 01:27:53]}
{[%emt 00:00:05]} Qd5 {[%clk 01:22:21]} {[%emt 00:02:00]} 19. Nf3 {[%clk
01:27:27]} {[%emt 00:06:59]} O-O {[%clk 01:16:10]} {[%emt 00:01:56]} 20. Bxb6
{[%clk 01:27:11]} axb6 {[%clk 01:16:27]} 21. Rad1 {[%clk 01:27:25]} Qxd2 {[%clk
01:15:29]} {[%emt 00:01:13]} 22. Rxd2 {[%clk 01:27:20]} {[%emt 00:00:36]} Rxa2
{[%clk 01:14:10]} {[%emt 00:03:15]} 23. Nd4 {[%clk 01:27:26]} Bb7 {[%clk
01:07:47]} {[%emt 00:06:33]} 24. Re2 {[%clk 01:27:17]} Raa8 {[%clk 01:07:39]}
{[%emt 00:00:36]} 25. f5 {[%clk 01:27:25]} {[%emt 00:00:25]} Rad8 {[%clk
01:06:11]} {[%emt 00:01:54]} 26. c3 {[%emt 00:03:30]} c5 27. bxc5 {[%clk
01:24:12]} {[%emt 00:00:09]} bxc5 {[%clk 01:06:36]} {[%emt 00:00:37]} 28. Nb5
{[%clk 01:24:22]} {[%emt 00:00:07]} g6 {[%clk 01:02:41]} {[%emt 00:04:10]} 29.
e6 {[%clk 01:24:26]} {[%emt 00:00:30]} fxe6 {[%clk 01:03:03]} {[%emt 00:00:19]}
30. fxg6 {[%clk 01:24:36]} {[%emt 00:02:38]} Rxf1+ {[%clk 01:02:22]} 31. Kxf1
{[%clk 01:24:52]} Rd1+ {[%clk 01:02:03]} 32. Kf2 {[%clk 01:24:35]} {[%emt
00:01:03]} hxg6 {[%clk 01:02:07]} 33. Rxe6 {[%clk 01:24:49]} {[%emt 00:00:04]}
Rd2+ {[%clk 01:01:43]} {[%emt 00:02:29]} 34. Ke3 Rxg2 35. Nd6 {[%clk 01:23:37]}
{[%emt 00:00:21]} Bd5 {[%clk 01:01:13]} {[%emt 00:01:10]} 36. Re5 {[%clk
01:23:30]} {[%emt 00:11:31]} Bf7 {[%clk 00:56:13]} 37. Rxc5 {[%clk 01:20:40]}
Rxh2 {[%clk 00:54:46]} 38. Nxc4 {[%clk 01:20:55]} Rh3+ {[%clk 00:54:52]} {[%emt
00:02:08]} 39. Kd2 {[%clk 01:20:59]} Bxc4 {[%clk 00:54:56]} 40. Rxc4 {[%clk
01:21:05]} Kg7 {[%clk 00:55:00]} 41. Rc7+ {[%clk 01:21:22]} {[%emt 00:02:00]}
Kf6 {[%clk 00:55:10]} 42. Rc6+ {[%clk 01:21:39]} Kf5 {[%clk 00:55:18]} 43. Rc5+
{[%clk 01:21:53]} Kf4 {[%clk 00:54:39]} {[%emt 00:08:36]} 44. Rc4+ {[%clk
01:21:39]} Kf3 {[%clk 00:53:17]} 45. Rc5 {[%clk 01:21:43]} Rh5 {[%clk
00:53:40]} 46. Rc4 {[%clk 01:21:58]} Rf5 {[%clk 00:53:06]} 47. Kd3 {[%clk
01:21:47]} g5 {[%clk 00:53:28]} 48. Re4 {[%clk 01:21:58]} g4 {[%clk 00:53:05]}
49. Re3 {[%clk 01:22:13]} Kf4 {[%clk 00:53:23]} 50. Re4+ {[%clk 01:22:33]} Kg5
{[%clk 00:53:43]} 51. c4 {[%clk 01:22:46]} g3 {[%clk 00:52:57]} {[%emt
00:00:47]} 52. Ke3 {[%clk 01:22:52]} {[%emt 00:00:19]} g2 {[%clk 00:53:04]}
{[%emt 00:00:47]} 0-1

[Event "DVM U12 2020"]
[Site "Magdeburg GER"]
[Date "2021.08.08"]
[Round "7"]
[White "Werner, Florin"]
[Black "Dubinker, Philipp"]
[Result "0-1"]
[Termination "normal"]
[Board "8.1"]
[WhiteElo "1533"]
[BlackElo "1382"]
[WhiteClock "00:10:33"]
[BlackClock "00:49:49"]
[WhiteTeam "VSG 1880 Offenbach"]
[BlackTeam "SK Marburg 1931/72"]
[PlyCount "92"]
[WhiteFideId "16250230"]
[BlackFideId "34608320"]
[EventCountry "GER"]
[EventRounds "7"]
[EventType "team-swiss"]
[EventDate "2021.08.04"]

1. e4 {[%clk 01:30:52]} c6 {[%clk 01:30:46]} {[%emt 00:00:44]} 2. d4 {[%clk
01:31:06]} d5 {[%clk 01:31:11]} 3. exd5 {[%clk 01:31:27]} cxd5 {[%clk
01:31:32]} 4. c4 {[%clk 01:31:36]} {[%emt 00:00:17]} Nf6 {[%clk 01:31:27]}
{[%emt 00:00:36]} 5. Nc3 {[%clk 01:31:27]} {[%emt 00:00:37]} Bf5 {[%clk
01:31:13]} {[%emt 00:12:05]} 6. Nf3 {[%clk 01:30:42]} e6 {[%clk 01:31:05]} 7.
cxd5 {[%clk 01:28:20]} Nxd5 {[%clk 01:30:29]} 8. Bb5+ {[%clk 01:28:02]} Nc6
{[%clk 01:29:39]} 9. a3 {[%clk 01:07:09]} {[%emt 00:32:58]} Bd6 {[%clk
01:23:20]} 10. O-O {[%clk 00:58:17]} {[%emt 00:13:02]} O-O {[%clk 01:21:05]}
11. Bg5 {[%clk 00:47:32]} {[%emt 00:26:59]} Qb6 {[%clk 01:14:46]} 12. Bxc6
{[%clk 00:45:49]} bxc6 {[%clk 01:14:53]} 13. Qd2 {[%clk 00:45:01]} Qb3 {[%clk
01:10:02]} 14. Nh4 {[%clk 00:41:38]} Bg6 {[%clk 01:09:09]} 15. Nxg6 {[%clk
00:41:29]} hxg6 {[%clk 01:09:13]} 16. Nxd5 {[%clk 00:38:13]} {[%emt 00:08:06]}
cxd5 17. Rfc1 {[%clk 00:30:39]} {[%emt 00:13:19]} Rfc8 {[%clk 01:03:39]} 18. g3
{[%clk 00:26:45]} Rab8 {[%clk 01:01:21]} {[%emt 00:06:41]} 19. Rxc8+ {[%clk
00:22:29]} Rxc8 {[%clk 01:01:17]} {[%emt 00:09:47]} 20. Rc1 {[%clk 00:21:47]}
Rc4 {[%clk 00:57:57]} 21. Bf4 {[%clk 00:18:15]} Bxf4 {[%clk 00:55:49]} {[%emt
00:05:23]} 22. gxf4 {[%clk 00:18:21]} Kf8 {[%clk 00:54:10]} 23. Rxc4 {[%clk
00:18:13]} {[%emt 00:02:37]} dxc4 {[%clk 00:52:48]} 24. Qb4+ {[%clk 00:18:35]}
Qxb4 {[%clk 00:53:09]} {[%emt 00:00:16]} 25. axb4 {[%clk 00:19:01]} Ke7 {[%clk
00:53:08]} {[%emt 00:00:30]} 26. Kf1 {[%clk 00:19:25]} Kd6 {[%clk 00:53:08]}
{[%emt 00:00:19]} 27. Ke2 {[%clk 00:19:38]} {[%emt 00:00:05]} Kd5 {[%clk
00:51:58]} {[%emt 00:01:43]} 28. Ke3 {[%clk 00:19:56]} {[%emt 00:01:50]} a6
{[%clk 00:50:48]} 29. f3 {[%clk 00:19:17]} {[%emt 00:01:33]} f6 {[%clk
00:50:47]} {[%emt 00:00:19]} 30. b3 {[%clk 00:08:47]} {[%emt 00:10:49]} cxb3
{[%clk 00:50:30]} {[%emt 00:00:48]} 31. Kd3 {[%clk 00:09:13]} {[%emt 00:10:25]}
b2 {[%clk 00:50:41]} 32. Kc2 {[%clk 00:09:41]} b1=Q+ 33. Kxb1 {[%clk 00:10:06]}
Kxd4 {[%clk 00:50:54]} 34. Kb2 {[%clk 00:10:33]} Ke3 {[%clk 00:49:49]} 35. Ka3
Kxf3 36. Ka4 e5 37. fxe5 fxe5 38. Ka5 e4 39. Kxa6 e3 40. b5 e2 41. b6 e1=Q 42.
b7 Qa1+ 43. Kb6 Qb2+ 44. Kc7 Qxh2+ 45. Kc8 g5 46. Kd7 Qb8 0-1

[Event "DVM U12 2020"]
[Site "Magdeburg GER"]
[Date "2021.08.08"]
[Round "7"]
[White "Jung, Felix"]
[Black "Laux, Filip"]
[Result "0-1"]
[Termination "normal"]
[Board "8.2"]
[WhiteElo "1147"]
[BlackElo "1204"]
[WhiteClock "01:29:03"]
[BlackClock "00:07:24"]
[WhiteTeam "SK Marburg 1931/72"]
[BlackTeam "VSG 1880 Offenbach"]
[PlyCount "104"]
[WhiteFideId "34608290"]
[BlackFideId "16275730"]
[EventCountry "GER"]
[EventRounds "7"]
[EventType "team-swiss"]
[EventDate "2021.08.04"]

1. e4 {[%clk 01:30:57]} c6 {[%clk 01:30:53]} 2. d4 {[%clk 01:31:22]} {[%emt
00:02:05]} d5 {[%clk 01:31:12]} 3. e5 {[%clk 01:31:47]} Bf5 {[%clk 01:31:29]}
4. Bd3 {[%clk 01:32:04]} Bxd3 {[%clk 01:31:32]} 5. Qxd3 {[%clk 01:32:25]} e6
{[%clk 01:31:41]} 6. Nc3 {[%clk 01:32:38]} Nd7 {[%clk 01:30:26]} {[%emt
00:00:51]} 7. Nf3 {[%clk 01:32:49]} {[%emt 00:05:35]} c5 {[%clk 01:29:49]} 8.
Bd2 {[%clk 01:33:01]} Qc7 {[%clk 01:27:20]} 9. Nb5 {[%clk 01:32:39]} Qb6 {[%clk
01:26:25]} {[%emt 00:48:17]} 10. O-O {[%clk 01:31:49]} c4 {[%clk 01:26:37]} 11.
Qe3 {[%clk 01:29:58]} Qxb5 {[%clk 01:26:31]} 12. Ng5 {[%clk 01:30:05]} Nh6
{[%clk 01:03:39]} 13. a4 {[%clk 01:29:05]} Qb6 {[%clk 00:59:14]} {[%emt
00:37:42]} 14. a5 {[%clk 01:29:05]} Qd8 {[%clk 00:58:58]} 15. b3 {[%clk
01:28:51]} cxb3 {[%clk 00:53:03]} 16. cxb3 {[%clk 01:28:05]} Be7 {[%clk
00:50:23]} 17. Rfc1 {[%clk 01:27:37]} Nf5 {[%clk 00:47:55]} 18. Qf4 {[%clk
01:27:34]} Bxg5 {[%clk 00:45:45]} 19. Qxg5 {[%clk 01:27:53]} Qxg5 {[%clk
00:45:54]} 20. Bxg5 {[%clk 01:28:15]} Nxd4 {[%clk 00:41:28]} {[%emt 00:00:03]}
21. Rc7 {[%clk 01:28:33]} {[%emt 00:30:18]} h6 {[%clk 00:26:08]} 22. Rd1 {[%clk
01:28:14]} Nxb3 {[%clk 00:23:15]} 23. Rb1 {[%clk 01:28:32]} Nxa5 {[%clk
00:22:20]} 24. Bd2 {[%clk 01:28:47]} Nc4 {[%clk 00:21:27]} 25. Bb4 {[%clk
01:28:40]} Ncxe5 {[%clk 00:16:00]} 26. Rbc1 {[%clk 01:28:39]} Nc4 {[%clk
00:14:35]} 27. Rxb7 {[%clk 01:28:37]} {[%emt 00:03:52]} a5 {[%clk 00:11:16]}
28. Ra1 {[%clk 01:28:49]} a4 {[%clk 00:09:19]} 29. h3 {[%clk 01:28:27]} Kd8
{[%clk 00:07:35]} 30. Bc3 {[%clk 01:27:51]} f6 {[%clk 00:05:48]} 31. Bb4 {[%clk
01:28:03]} Kc8 {[%clk 00:05:43]} 32. Rb5 {[%clk 01:28:13]} Kc7 {[%clk
00:05:12]} 33. Rb1 {[%clk 01:27:29]} Rhb8 {[%clk 00:05:00]} 34. Bc3 {[%clk
01:26:36]} Rxb5 {[%clk 00:04:50]} 35. Rxb5 {[%clk 01:26:52]} Rb8 {[%clk
00:05:10]} 36. Ba5+ {[%clk 01:26:40]} Kc6 {[%clk 00:05:14]} 37. Rxb8 {[%clk
01:26:48]} Nxb8 {[%clk 00:05:41]} 38. Bb4 {[%clk 01:27:04]} Na6 {[%clk
00:05:33]} 39. Bc3 {[%clk 01:27:17]} Kc5 {[%clk 00:06:00]} 40. g4 {[%clk
01:27:34]} d4 {[%clk 00:06:19]} 41. Ba1 {[%clk 01:27:45]} Nb4 {[%clk 00:06:45]}
42. g5 {[%clk 01:27:56]} fxg5 {[%clk 00:06:42]} 43. Kg2 {[%clk 01:27:56]} Nc2
{[%clk 00:07:07]} 44. Kg3 {[%clk 01:28:13]} Nxa1 {[%clk 00:07:26]} {[%emt
00:01:19]} 45. Kg4 {[%clk 01:28:33]} g6 {[%clk 00:07:38]} 46. Kg3 Nb3 47. Kg4
{[%clk 01:27:49]} a3 {[%clk 00:07:58]} {[%emt 00:02:17]} 48. f4 {[%clk
01:28:16]} a2 {[%clk 00:07:50]} 49. fxg5 {[%clk 01:28:25]} h5+ {[%clk
00:07:54]} 50. Kh4 {[%clk 01:28:47]} a1=Q 51. Kg3 {[%emt 00:00:04]} Qg1+ {[%clk
00:07:24]} {[%emt 00:00:47]} 52. Kh4 {[%clk 01:29:03]} Qf2+ {[%emt 00:00:27]}
0-1

[Event "DVM U12 2020"]
[Site "Magdeburg GER"]
[Date "2021.08.08"]
[Round "7"]
[White "Staat, Christian"]
[Black "Alkayas, Mohammad"]
[Result "1-0"]
[Termination "normal"]
[Board "8.3"]
[WhiteElo "1022"]
[BlackElo "1170"]
[WhiteClock "00:53:24"]
[BlackClock "00:14:07"]
[WhiteTeam "VSG 1880 Offenbach"]
[BlackTeam "SK Marburg 1931/72"]
[PlyCount "125"]
[WhiteFideId "34608141"]
[BlackFideId "34608400"]
[EventCountry "GER"]
[EventRounds "7"]
[EventType "team-swiss"]
[EventDate "2021.08.04"]

1. e4 {[%clk 01:33:57]} e5 {[%clk 01:29:57]} 2. Nf3 {[%clk 01:33:57]} Nc6
{[%clk 01:29:57]} 3. Bc4 {[%clk 01:33:57]} Bc5 {[%clk 01:29:57]} 4. c3 {[%clk
01:33:57]} Nf6 {[%clk 01:29:57]} 5. d4 {[%clk 01:33:57]} exd4 {[%clk 01:29:57]}
6. e5 {[%clk 01:33:57]} d5 {[%clk 01:29:57]} 7. Bb5 Ne4 8. cxd4 Bb4+ {[%clk
01:29:57]} {[%emt 00:00:28]} 9. Bd2 {[%clk 01:33:57]} {[%emt 00:00:07]} Bxd2+
{[%clk 01:30:02]} {[%emt 00:00:22]} 10. Nbxd2 {[%clk 01:34:20]} {[%emt
00:00:09]} a6 11. Bxc6+ {[%clk 01:34:20]} bxc6 12. O-O {[%clk 01:34:20]} Bg4
{[%clk 01:29:20]} 13. h3 {[%clk 01:34:11]} {[%emt 00:17:19]} Bxf3 {[%clk
01:29:09]} 14. Nxf3 {[%clk 01:33:43]} O-O {[%clk 01:28:57]} {[%emt 00:00:05]}
15. Qc2 {[%clk 01:34:03]} Qd7 {[%clk 01:28:22]} 16. Rac1 {[%clk 01:32:54]} f6
{[%emt 00:00:05]} 17. Qxc6 {[%clk 01:30:08]} Qxc6 {[%clk 01:27:03]} 18. Rxc6
{[%clk 01:30:30]} fxe5 {[%clk 01:24:53]} {[%emt 00:00:05]} 19. Nxe5 {[%clk
01:30:49]} {[%emt 00:00:09]} Ra7 {[%clk 01:24:44]} {[%emt 00:00:35]} 20. f3
{[%clk 01:29:08]} {[%emt 00:02:12]} Ng3 {[%clk 01:23:40]} {[%emt 00:01:36]} 21.
Re1 {[%clk 01:27:22]} {[%emt 00:02:13]} Re8 {[%clk 01:17:09]} {[%emt 00:58:29]}
22. Kf2 {[%clk 01:27:09]} Nf5 {[%clk 01:17:12]} 23. Rd1 {[%clk 01:22:38]} Nxd4
{[%clk 01:15:57]} {[%emt 00:00:05]} 24. Rxd4 {[%clk 01:23:01]} Rxe5 {[%clk
01:16:15]} 25. f4 {[%clk 01:23:27]} Re4 {[%clk 01:07:27]} {[%emt 00:21:02]} 26.
Rxe4 {[%clk 01:23:02]} dxe4 {[%clk 01:06:00]} 27. Ke3 {[%clk 01:23:10]} Kf7
{[%clk 00:54:46]} 28. Kxe4 {[%clk 01:22:40]} {[%emt 00:00:06]} Ke7 {[%clk
00:51:45]} 29. g4 {[%clk 01:13:00]} Kd7 {[%clk 00:51:36]} 30. Rc4 {[%clk
01:09:47]} {[%emt 00:00:04]} Rb7 {[%clk 00:49:50]} 31. b3 {[%clk 01:08:06]} Rb5
{[%clk 00:44:36]} 32. Rd4+ {[%clk 01:07:46]} {[%emt 00:00:05]} Ke7 {[%clk
00:43:25]} 33. Rd5 {[%clk 01:07:37]} Rb4+ {[%clk 00:41:20]} 34. Rd4 {[%clk
01:07:59]} Rb5 {[%clk 00:41:31]} {[%emt 00:00:04]} 35. Rc4 {[%clk 01:07:33]}
Kd6 {[%clk 00:39:18]} 36. Rd4+ {[%clk 01:05:15]} {[%emt 00:04:06]} Ke7 {[%clk
00:39:19]} 37. Kd3 {[%clk 01:04:49]} Rc5 {[%clk 00:27:41]} {[%emt 00:11:03]}
38. Rc4 {[%clk 01:05:00]} {[%emt 00:04:46]} Rd5+ {[%clk 00:26:31]} 39. Ke4
{[%clk 01:05:11]} Rd7 {[%clk 00:26:42]} 40. Rc6 {[%clk 01:04:41]} a5 {[%clk
00:23:06]} {[%emt 00:02:59]} 41. Ra6 {[%clk 00:59:31]} {[%emt 00:05:35]} c5
{[%clk 00:22:38]} {[%emt 00:00:56]} 42. Rxa5 {[%clk 00:59:05]} {[%emt
00:00:58]} Rd2 {[%clk 00:22:50]} {[%emt 00:00:17]} 43. Rxc5 {[%clk 00:57:32]}
{[%emt 00:02:12]} Rxa2 {[%clk 00:23:11]} {[%emt 00:00:04]} 44. Rc3 {[%clk
00:57:25]} {[%emt 00:00:34]} Re2+ {[%clk 00:23:20]} {[%emt 00:00:21]} 45. Kf3
{[%clk 00:57:31]} {[%emt 00:00:24]} Rb2 {[%clk 00:23:31]} {[%emt 00:00:20]} 46.
Ke3 {[%emt 00:00:43]} Rh2 {[%clk 00:23:32]} {[%emt 00:03:33]} 47. Kd4 {[%clk
00:57:53]} Kd6 {[%clk 00:23:47]} 48. Kc4 {[%clk 00:57:33]} {[%emt 00:00:05]}
Kc6 {[%clk 00:23:55]} 49. b4 {[%clk 00:57:57]} Rf2 {[%clk 00:24:07]} 50. f5
{[%clk 00:58:13]} Rf4+ {[%clk 00:24:12]} 51. Kb3+ {[%clk 00:58:33]} Kb5 {[%clk
00:24:18]} 52. Rc5+ {[%clk 00:58:44]} {[%emt 00:00:17]} Kb6 {[%clk 00:24:26]}
{[%emt 00:00:13]} 53. Ka4 {[%clk 00:54:12]} {[%emt 00:05:05]} h6 {[%clk
00:21:30]} {[%emt 00:08:32]} 54. Rc3 {[%clk 00:54:11]} Re4 {[%clk 00:21:22]}
55. Rd3 {[%clk 00:54:25]} Kc6 {[%clk 00:18:14]} 56. Ka5 {[%clk 00:54:41]}
{[%emt 00:00:17]} Re5+ {[%clk 00:18:19]} {[%emt 00:00:16]} 57. Ka6 {[%clk
00:54:51]} {[%emt 00:00:19]} Re8 {[%clk 00:16:14]} {[%emt 00:02:35]} 58. b5
{[%clk 00:54:11]} {[%emt 00:01:10]} Kc5 {[%clk 00:14:16]} {[%emt 00:02:29]} 59.
b6 {[%clk 00:53:33]} {[%emt 00:01:08]} Ra8+ {[%clk 00:14:32]} {[%emt 00:00:15]}
60. Kb7 {[%clk 00:53:52]} {[%emt 00:00:13]} Re8 {[%clk 00:14:43]} {[%emt
00:00:18]} 61. Rd7 {[%clk 00:53:23]} {[%emt 00:01:00]} Rg8 {[%clk 00:14:02]}
{[%emt 00:01:11]} 62. Kc7 {[%clk 00:53:09]} {[%emt 00:00:43]} g6 {[%clk
00:14:07]} {[%emt 00:00:21]} 63. b7 {[%clk 00:53:24]} {[%emt 00:00:16]} 1-0

[Event "DVM U12 2020"]
[Site "Magdeburg GER"]
[Date "2021.08.08"]
[Round "7"]
[White "Baumgart, Jost"]
[Black "Hentschker, Merlin"]
[Result "1-0"]
[Termination "normal"]
[Board "8.4"]
[WhiteElo "1017"]
[BlackElo "1060"]
[WhiteClock "01:16:54"]
[BlackClock "01:04:58"]
[WhiteTeam "SK Marburg 1931/72"]
[BlackTeam "VSG 1880 Offenbach"]
[PlyCount "113"]
[WhiteFideId "34608397"]
[BlackFideId "16294483"]
[EventCountry "GER"]
[EventRounds "7"]
[EventType "team-swiss"]
[EventDate "2021.08.04"]

1. e4 {[%clk 01:30:58]} e5 {[%clk 01:30:55]} 2. Nf3 {[%clk 01:31:24]} {[%emt
00:20:36]} Nc6 {[%clk 01:31:19]} 3. Bb5 {[%clk 01:31:40]} a6 {[%clk 01:31:16]}
4. Bxc6 {[%clk 01:32:02]} dxc6 {[%clk 01:31:40]} 5. d4 {[%clk 01:32:17]} exd4
{[%clk 01:30:38]} 6. Qxd4 {[%clk 01:32:28]} Qxd4 {[%clk 01:30:57]} 7. Nxd4
{[%clk 01:32:50]} Bd7 {[%clk 01:31:14]} 8. Be3 Bd6 9. Nc3 {[%clk 01:31:55]} Nf6
{[%clk 01:31:21]} 10. O-O-O {[%clk 01:32:12]} c5 {[%clk 01:30:47]} 11. Nf3
{[%clk 01:31:52]} O-O-O {[%clk 01:31:09]} 12. e5 {[%clk 01:31:11]} Be7 {[%clk
01:27:20]} 13. exf6 gxf6 14. Rhe1 Rhe8 15. Rd5 {[%clk 01:27:34]} b6 {[%clk
01:22:48]} 16. Rh5 {[%clk 01:27:40]} {[%emt 00:00:09]} Rh8 {[%clk 01:21:39]}
17. Nd5 {[%clk 01:27:46]} Rde8 {[%clk 01:19:03]} 18. Bf4 {[%clk 01:27:53]} Bd8
{[%clk 01:11:35]} 19. Rxe8 Rxe8 20. Rxh7 Bf5 21. Rxf7 Be6 22. Nxc7 {[%clk
01:22:52]} Bxf7 {[%clk 01:11:28]} 23. Nxe8 {[%clk 01:23:01]} Bxe8 {[%clk
01:11:52]} 24. a3 {[%clk 01:23:19]} c4 {[%clk 01:09:36]} {[%emt 00:11:04]} 25.
b3 {[%clk 01:23:21]} c3 {[%clk 01:09:33]} 26. Nd4 {[%clk 01:22:58]} b5 {[%clk
01:08:34]} 27. Be3 {[%clk 01:23:05]} Be7 {[%clk 01:08:30]} 28. b4 {[%clk
01:22:26]} Bd6 {[%clk 01:08:06]} 29. Kd1 {[%clk 01:22:20]} {[%emt 00:00:04]}
Bg6 {[%clk 01:05:40]} {[%emt 00:01:04]} 30. Nf3 {[%clk 01:22:03]} {[%emt
00:11:23]} Bh5 {[%clk 01:05:11]} 31. Ke2 Be5 32. h3 f5 33. Kf1 {[%clk
01:18:24]} Bxf3 {[%clk 01:04:40]} 34. gxf3 Bf6 35. Kg2 Kd7 36. Kg3 {[%clk
01:16:33]} Ke6 {[%clk 01:04:42]} 37. h4 {[%clk 01:16:54]} Kf7 {[%clk 01:04:58]}
38. Bg5 Bh8 39. Kf4 Ke6 40. Bd8 Kd7 41. Bb6 Ke6 42. h5 Bg7 43. Be3 Be5+ 44. Kg5
Bf6+ 45. Kg6 Be5 46. h6 f4 47. Bc5 Bf6 48. h7 Be5 49. Bf8 Kd5 50. Bg7 Bxg7 51.
Kxg7 a5 52. bxa5 Kc5 53. h8=Q b4 54. axb4+ Kxb4 55. Qa8 Ka3 56. Qb8 Ka4 57. a6
1-0